Language Quiz

Random Language or Sporcle Quiz

3-Letter Sporcle Words Quiz Stats

 Plays Quiz Updated Nov 28, 2017

Challenge
Share
Tweet
Embed
Score 0/35 Timer 04:00
0 Plays Today
3-Letter Word % Correct
cop
86.1%
sop
85.7%
cor
80.8%
lop
80.1%
cel
78.9%
sol
75.9%
roe
75.1%
pol
74.3%
col
74.3%
ore
74.2%
cos
73.1%
pos
71.9%
cep
69.4%
roc
68.9%
rep
68.6%
per
67%
sel
64.3%
soc
64.2%
3-Letter Word % Correct
orc
63.1%
ole
62%
res
59.6%
ser
59.5%
sec
58.4%
pes
57%
rec
56.6%
ops
54.1%
els
52.6%
pec
52.2%
ors
51.3%
pro
50%
ope
49.8%
ers
42.9%
ose
42.6%
eco
29.3%
oes
17.7%

You're not logged in!

Compare scores with friends on all Sporcle quizzes.
Join for Free
OR
Log In

You Might Also Like...

Show Comments

Extras

Top Quizzes Today


Score Distribution

Your Account Isn't Verified!

In order to create a playlist on Sporcle, you need to verify the email address you used during registration. Go to your Sporcle Settings to finish the process.

Report this User

Report this user for behavior that violates our Community Guidelines.

Details: